[Event "31.Schlosspark-Open"]
[Site "Wiesbaden-Biebrich"]
[Date "2019.08.25"]
[Round "6.1"]
[White "Milov, Leonid"]
[Black "Poetsch, Hagen"]
[Result "1/2-1/2"]
[WhiteElo "2455"]
[BlackElo "2508"]
[PlyCount "40"]
[EventDate "2019.??.??"]
[WhiteTeam "SC Noris-Tarrasch Nürnberg"]
[BlackTeam "SC Heusenstamm"]

1. f4 Nf6 2. Nf3 d6 3. Nc3 c5 4. e4 a6 5. Be2 g6 6. O-O Bg7 7. Qe1 b5 8. d3 b4
9. Nd1 Nc6 10. a3 d5 11. e5 Ng4 12. h3 Nh6 13. g4 f6 14. d4 fxe5 15. dxe5 O-O
16. c3 Rb8 17. axb4 cxb4 18. Be3 Nf7 19. Nd4 Qc7 20. Rc1 b3 1/2-1/2

[Event "31.Schlosspark-Open"]
[Site "Wiesbaden-Biebrich"]
[Date "2019.08.25"]
[Round "6.2"]
[White "Keller, Peter"]
[Black "Carow, Johannes"]
[Result "0-1"]
[WhiteElo "2342"]
[BlackElo "2423"]
[PlyCount "50"]
[EventDate "2019.??.??"]
[WhiteTeam "SK Bickenbach"]
[BlackTeam "SF Heidesheim"]

1. e4 c6 2. d4 d5 3. e5 c5 4. dxc5 e6 5. a3 Bxc5 6. Nf3 Ne7 7. b4 Bb6 8. Bb2
O-O 9. Bd3 Ng6 10. h4 Nc6 11. h5 Nf4 12. Bb5 d4 13. g3 Nd5 14. h6 g6 15. O-O a5
16. c4 dxc3 17. Nxc3 Nxc3 18. Bxc3 Ne7 19. Ng5 Nd5 20. Bd2 Bd4 21. Rc1 axb4 22.
Bxb4 Nxb4 23. axb4 Bxf2+ 24. Rxf2 Qxg5 25. Kg2 Ra3 0-1

[Event "31.Schlosspark-Open"]
[Site "Wiesbaden-Biebrich"]
[Date "2019.08.25"]
[Round "6.3"]
[White "Inkiov, Ventzislav"]
[Black "Gutman, Lev"]
[Result "1/2-1/2"]
[WhiteElo "2418"]
[BlackElo "2412"]
[Annotator "Schloessner"]
[PlyCount "45"]
[EventDate "2019.??.??"]
[WhiteTeam "SC Ötigheim"]
[BlackTeam "SV Lingen"]

{[%evp 0,12,31,27,24,-14,51,54,32,36,37,33,53,44,60]} 1. d4 Nf6 2. c4 g6 3. Nc3
Bg7 4. Nf3 O-O 5. Bg5 c6 6. e3 Qb6 7. a3 d6 8. Be2 Bf5 9. b4 a5 10. c5 Qc7 11.
O-O Nbd7 12. Nd2 axb4 13. axb4 dxc5 14. bxc5 e5 15. Nc4 Rxa1 16. Qxa1 exd4 17.
exd4 Nd5 18. Nxd5 cxd5 19. Ne3 Be6 20. Be7 Re8 21. Bd6 Qd8 22. Bb5 Bf8 23. Bg3
{Rest unleserlich} 1/2-1/2

[Event "31.Schlosspark-Open"]
[Site "Wiesbaden-Biebrich"]
[Date "2019.08.25"]
[Round "6.4"]
[White "Musiolik, David"]
[Black "Khenkin, Igor"]
[Result "0-1"]
[WhiteElo "2148"]
[BlackElo "2547"]
[PlyCount "82"]
[EventDate "2019.??.??"]
[WhiteTeam "SV Worms"]
[BlackTeam "SG Turm Kiel"]

1. e4 c5 2. Nf3 d6 3. d4 cxd4 4. Nxd4 Nf6 5. Nc3 a6 6. Be2 e5 7. Nb3 Be7 8. O-O
O-O 9. Re1 Be6 10. Bf3 Nbd7 11. a4 Rc8 12. Nd5 Nxd5 13. exd5 Bf5 14. c3 Bg6 15.
Qe2 Re8 16. Be3 f5 17. Bh5 Bxh5 18. Qxh5 f4 19. Bc1 Nf6 20. Qh3 Qc7 21. Rd1 Bd8
22. Qf3 Qf7 23. Nd2 Qg6 24. c4 Qc2 25. Ra3 Ba5 26. Qb3 Qxb3 27. Rxb3 Bxd2 28.
Bxd2 Rxc4 29. Bb4 Rd8 30. a5 Rd7 31. Kf1 Kf7 32. Ke2 Rc2+ 33. Kf1 Ng4 34. h3
Nxf2 35. Rd2 Rxd2 36. Bxd2 Ne4 37. Be1 g5 38. Ke2 h5 39. Rd3 Rc7 40. Kf3 Nf6
41. Ke2 Rc2+ 0-1

[Event "31.Schlosspark-Open"]
[Site "Wiesbaden-Biebrich"]
[Date "2019.08.25"]
[Round "6.5"]
[White "Stork, Oliver"]
[Black "Haag, Martin"]
[Result "1/2-1/2"]
[WhiteElo "2322"]
[BlackElo "2200"]
[PlyCount "78"]
[EventDate "2019.??.??"]
[WhiteTeam "SV Oberursel"]
[BlackTeam "SC Bonn Beuel"]

1. d4 d5 2. Bf4 e6 3. e3 Nf6 4. Nd2 Bd6 5. Bg3 O-O 6. Ngf3 b6 7. Bd3 Ba6 8. c4
c5 9. O-O Bxg3 10. hxg3 Nbd7 11. Qe2 Rc8 12. e4 dxe4 13. Nxe4 Nxe4 14. Qxe4 Nf6
15. Qh4 cxd4 16. Rac1 Bb7 17. Ne5 g6 18. Rfe1 Nd7 19. Qh6 Nxe5 20. Rxe5 Qf6 21.
Rce1 Rfd8 22. f4 Rc5 23. g4 Rdc8 24. b4 Rxe5 25. fxe5 Qe7 26. Rf1 Rc7 27. a3 a5
28. Rf4 axb4 29. g5 Qc5 30. Rh4 Qxe5 31. Qxh7+ Kf8 32. axb4 Ke7 33. Bxg6 Kd6
34. Be4 f5 35. Qg8 Bxe4 36. Qf8+ Kc6 37. Qa8+ Kd6 38. Qd8+ Kc6 39. Qa8+ Kd6
1/2-1/2

[Event "31.Schlosspark-Open"]
[Site "Wiesbaden-Biebrich"]
[Date "2019.08.25"]
[Round "6.6"]
[White "Vakulenko, Oleksandr"]
[Black "Ehmann, Thilo"]
[Result "1/2-1/2"]
[WhiteElo "2144"]
[BlackElo "2315"]
[PlyCount "74"]
[EventDate "2019.??.??"]
[WhiteTeam "Gambit Kiew"]
[BlackTeam "SF Sasbach"]

1. d4 Nf6 2. c4 c5 3. d5 e6 4. Nc3 exd5 5. cxd5 d6 6. e4 g6 7. f4 Bg7 8. Bb5+
Nfd7 9. a4 O-O 10. Nf3 Na6 11. O-O Nc7 12. Bd3 a6 13. f5 Ne5 14. Nxe5 Bxe5 15.
Qf3 Rb8 16. a5 b5 17. axb6 Rxb6 18. Nd1 Nb5 19. Bxb5 Rxb5 20. Ne3 Rb4 21. Ng4
Bd4+ 22. Kh1 f6 23. fxg6 hxg6 24. Qg3 Qd7 25. Nh6+ Kh7 26. Ra3 Qg7 27. Ng4 g5
28. Raf3 Qg6 29. Qxd6 Bxg4 30. Qxf8 Bxf3 31. Rxf3 g4 32. Rf1 Rb7 33. Qc8 Rg7
34. d6 Qxe4 35. d7 Qe2 36. Rg1 Qf2 37. Rd1 Qe2 1/2-1/2

[Event "31.Schlosspark-Open"]
[Site "Wiesbaden-Biebrich"]
[Date "2019.08.25"]
[Round "6.7"]
[White "Weber, Samuel"]
[Black "Reitz, Philipp"]
[Result "1-0"]
[WhiteElo "2287"]
[BlackElo "2061"]
[PlyCount "73"]
[EventDate "2019.??.??"]
[WhiteTeam "SV Oberursel"]
[BlackTeam "VfR-SC Koblenz"]

1. e4 g6 2. c4 Bg7 3. Nc3 c5 4. g3 Nc6 5. Bg2 d6 6. Nge2 e6 7. d3 Nge7 8. O-O
O-O 9. Be3 Nd4 10. Rb1 Nec6 11. a3 Rb8 12. b4 b6 13. f4 Qd7 14. b5 Nxe2+ 15.
Nxe2 Nd4 16. Bxd4 cxd4 17. f5 exf5 18. exf5 Qe7 19. fxg6 Qe3+ 20. Kh1 Bg4 21.
gxf7+ Kh8 22. Rb2 Bh6 23. Qc2 Rbc8 24. Nc1 Rc5 25. Qf2 Rf5 26. Qxe3 Rxf1+ 27.
Bxf1 Bxe3 28. Na2 Rxf7 29. Bg2 Kg7 30. h3 Bf5 31. Nb4 Bc1 32. Ra2 Re7 33. Kh2
Re3 34. Bf1 Bc8 35. Ra1 Bb2 36. Rb1 Bxa3 37. Nd5 1-0

[Event "31.Schlosspark-Open"]
[Site "Wiesbaden-Biebrich"]
[Date "2019.08.25"]
[Round "6.8"]
[White "Gundlach, Michael"]
[Black "Euler, Gerd"]
[Result "1/2-1/2"]
[WhiteElo "2122"]
[BlackElo "2263"]
[PlyCount "112"]
[EventDate "2019.??.??"]
[WhiteTeam "SF Mainz"]
[BlackTeam "SSG Hungen-Lich"]

1. c4 f5 2. g3 Nf6 3. Bg2 g6 4. Nc3 Bg7 5. d3 O-O 6. e4 d6 7. Nge2 Nc6 8. O-O
e6 9. h3 Ne5 10. b3 Nh5 11. d4 Nf7 12. Be3 c6 13. Rc1 Ng5 14. Qd2 Nxe4 15. Nxe4
fxe4 16. Bxe4 d5 17. Bg2 Rf7 18. Bg5 Qf8 19. Nf4 Nxf4 20. Bxf4 Bd7 21. Be5 dxc4
22. Rxc4 Rd8 23. f4 Bc8 24. Qe3 Qa3 25. Ra4 Bxe5 26. Qxe5 Qb2 27. Rf2 Qc3 28.
Rf3 Qd2 29. Rf2 Qc1+ 30. Rf1 Qc2 31. Rf2 Qb1+ 32. Rf1 Qd3 33. Rf3 Qd2 34. Rf2
Qc1+ 35. Rf1 Qb2 36. Rf2 Qb1+ 37. Rf1 Qd3 38. Rf3 Qf5 39. Rxa7 Rfd7 40. Ra4 b5
41. Qxf5 gxf5 42. Rb4 Rd6 43. Rc3 Bd7 44. Kf2 Kf7 45. a4 Ra8 46. Rc5 Ke7 47.
Rbxb5 cxb5 48. Bxa8 Ra6 49. Bf3 bxa4 50. bxa4 Bxa4 51. d5 Bd7 52. dxe6 Ra2+ 53.
Ke3 Ra3+ 54. Kf2 Ra2+ 55. Ke3 Ra3+ 56. Kf2 Ra2+ 1/2-1/2

[Event "31.Schlosspark-Open"]
[Site "Wiesbaden-Biebrich"]
[Date "2019.08.25"]
[Round "6.9"]
[White "Lesny, Florian"]
[Black "Scholz, Christian"]
[Result "0-1"]
[WhiteElo "2086"]
[BlackElo "2372"]
[PlyCount "58"]
[EventDate "2019.??.??"]
[WhiteTeam "SK Niederbrechen"]
[BlackTeam "SC Hansa Dortmund"]

1. e4 c5 2. Nf3 d6 3. d4 cxd4 4. Nxd4 Nf6 5. Nc3 a6 6. Be3 e5 7. Nb3 Be6 8. f3
Be7 9. Qd2 Nbd7 10. g4 b5 11. a4 b4 12. Nd5 Bxd5 13. exd5 Nb6 14. Bxb6 Qxb6 15.
a5 Qb7 16. Bc4 O-O 17. Ra4 Rab8 18. O-O Nxg4 19. fxg4 Qd7 20. Rxb4 Qxg4+ 21.
Kh1 Qe4+ 22. Kg1 Qg6+ 23. Kh1 Bg5 24. Rxb8 Bxd2 25. Rxf8+ Kxf8 26. Nxd2 Qxc2
27. Rf2 e4 28. Bb3 Qc1+ 29. Nf1 e3 0-1

[Event "31.Schlosspark-Open"]
[Site "Wiesbaden-Biebrich"]
[Date "2019.08.25"]
[Round "6.10"]
[White "Gramb, Marius"]
[Black "Neukirchner, Pascal"]
[Result "1-0"]
[WhiteElo "2130"]
[BlackElo "2328"]
[PlyCount "71"]
[EventDate "2019.??.??"]
[WhiteTeam "Brühler SK"]
[BlackTeam "SK Gründau"]

1. c4 c5 2. Nc3 Nc6 3. g3 g6 4. Bg2 Bg7 5. Nf3 Nf6 6. e4 O-O 7. O-O d6 8. h3
Ne8 9. d3 Nc7 10. Be3 Ne6 11. Qd2 Ned4 12. Kh2 f5 13. Bh6 Qd7 14. Nxd4 cxd4 15.
Bxg7 Kxg7 16. Ne2 fxe4 17. dxe4 e5 18. f4 Qe7 19. Nc1 Be6 20. b3 a5 21. Nd3 a4
22. Rab1 axb3 23. axb3 b6 24. f5 Bd7 25. Rf2 gxf5 26. exf5 e4 27. f6+ Rxf6 28.
Qg5+ Rg6 29. Qxe7+ Nxe7 30. Bxe4 d5 31. Bxg6 hxg6 32. g4 Rf8 33. Rxf8 Kxf8 34.
Ne5 Be6 35. Rd1 dxc4 36. bxc4 1-0

[Event "31.Schlosspark-Open"]
[Site "Wiesbaden-Biebrich"]
[Date "2019.08.25"]
[Round "6.11"]
[White "Henrich, David"]
[Black "Nagel, Bernhard"]
[Result "1/2-1/2"]
[WhiteElo "2126"]
[BlackElo "2228"]
[PlyCount "79"]
[EventDate "2019.??.??"]
[WhiteTeam "SK Gernsheim"]
[BlackTeam "Kölner SK Dr. Lasker"]

1. Nf3 Nf6 2. c4 b6 3. g3 e6 4. Bg2 Bb7 5. O-O Be7 6. Nc3 Ne4 7. Nxe4 Bxe4 8.
d3 Bb7 9. Bd2 c5 10. Bc3 O-O 11. e4 d6 12. Qd2 Nc6 13. d4 Nxd4 14. Nxd4 cxd4
15. Bxd4 Qc7 16. Rac1 Bc6 17. Qc3 e5 18. Be3 Qb7 19. Qd3 Rac8 20. Rfd1 f5 21.
f3 Rc7 22. Rf1 fxe4 23. fxe4 Rxf1+ 24. Rxf1 Bd7 25. c5 bxc5 26. Qc4+ d5 27.
exd5 Bb5 28. Qg4 Bxf1 29. Qe6+ Kf8 30. Kxf1 Qc8 31. Qxe5 Qd8 32. Bf4 Rd7 33.
Qf5+ Bf6 34. d6 Rxd6 35. Bxd6+ Qxd6 36. Qc8+ Ke7 37. Qb7+ Kf8 38. Qc8+ Ke7 39.
Qb7+ Kf8 40. Qc8+ 1/2-1/2

[Event "31.Schlosspark-Open"]
[Site "Wiesbaden-Biebrich"]
[Date "2019.08.25"]
[Round "6.12"]
[White "Bollmann, Henrik"]
[Black "Everett, Elijah"]
[Result "1/2-1/2"]
[WhiteElo "2096"]
[BlackElo "2203"]
[PlyCount "73"]
[EventDate "2019.??.??"]
[WhiteTeam "SC Bad Nauheim"]
[BlackTeam "SF Schöneck"]

1. d4 Nf6 2. Nf3 g6 3. g3 Bg7 4. Bg2 O-O 5. c4 d6 6. O-O Nc6 7. Nc3 a6 8. e3
Rb8 9. Qe2 b5 10. Rd1 b4 11. Na4 Bd7 12. b3 e5 13. dxe5 Ng4 14. Bb2 Ngxe5 15.
c5 Nxf3+ 16. Bxf3 Ne5 17. Bg2 Bb5 18. Qc2 Qe7 19. Bd4 Qe6 20. Nb2 d5 21. a3
bxa3 22. Rxa3 c6 23. Na4 Qg4 24. Nc3 Nf3+ 25. Bxf3 Qxf3 26. Nxb5 axb5 27. Bxg7
Kxg7 28. Qb2+ Kg8 29. Rd4 g5 30. Qa1 Rfe8 31. Ra6 Re6 32. Qd1 Qf5 33. Qd3 Qh3
34. Qf1 Qf5 35. Qd3 Qh3 36. Qf1 Qf5 37. Qd3 1/2-1/2

[Event "31.Schlosspark-Open"]
[Site "Wiesbaden-Biebrich"]
[Date "2019.08.25"]
[Round "6.13"]
[White "Heindrich, Mark"]
[Black "Kiefer, Daniel"]
[Result "0-1"]
[WhiteElo "2094"]
[BlackElo "2133"]
[PlyCount "68"]
[EventDate "2019.??.??"]
[WhiteTeam "TuS Dotzheim"]
[BlackTeam "SF Mainz"]

1. e4 e6 2. Nf3 d5 3. exd5 exd5 4. d4 Nf6 5. Be2 c5 6. O-O Be7 7. Nbd2 O-O 8.
Re1 Qb6 9. c3 Nc6 10. Nb3 c4 11. Nbd2 Qa5 12. Nf1 Be6 13. Bf4 Nh5 14. Bd2 Qc7
15. Ng5 Nf4 16. Nxe6 Nxe6 17. Bf3 Qd7 18. Ne3 Nc7 19. Qc2 Bf6 20. Ng4 Be7 21.
Bf4 Bd6 22. Bxd6 Qxd6 23. Qf5 Rae8 24. Re3 Rxe3 25. Nxe3 Ne7 26. Qc2 b6 27. Re1
g6 28. g3 Kg7 29. Qd2 h5 30. Ng2 Ne6 31. Re5 f6 32. Re1 Ng5 33. Bd1 Nf5 34. Qf4
Nh3+ 0-1

[Event "31.Schlosspark-Open"]
[Site "Wiesbaden-Biebrich"]
[Date "2019.08.25"]
[Round "6.14"]
[White "Heinemann, Ernst"]
[Black "Tischendorf, Michael"]
[Result "1/2-1/2"]
[WhiteElo "2088"]
[BlackElo "2165"]
[PlyCount "236"]
[EventDate "2019.??.??"]
[WhiteTeam "SK Oldenburg"]
[BlackTeam "SV Hofheim"]

{[%evp 0,45,30,30,64,75,75,60,85,80,77,81,75,54,53,43,41,52,28,23,55,47,56,63,
122,96,102,83,75,110,84,80,99,68,124,84,83,38,27,8,-35,-35,-4,-32,-38,-37,-44,
-40]} 1. e4 d6 2. Nc3 Nf6 3. d4 e5 4. dxe5 dxe5 5. Qxd8+ Kxd8 6. Bg5 Be6 7.
O-O-O+ Nbd7 8. f4 exf4 9. Nf3 h6 10. Bxf4 Bc5 11. h3 Nh5 12. Bh2 Be3+ 13. Kb1
Bf4 14. g4 Bxh2 15. Rxh2 Nf4 16. Nd4 Kc8 17. Rf2 g5 18. Nxe6 fxe6 19. Bc4 Ne5
20. Bb3 c5 21. Ne2 c4 22. Ba4 Nxe2 23. Rxe2 a6 24. c3 Kc7 25. Rf1 Raf8 26. Ref2
Rxf2 27. Rxf2 Kd6 28. Bc2 Ke7 29. b3 cxb3 30. axb3 Rf8 31. Rxf8 Kxf8 32. Bd1
Ke7 33. Be2 Kd6 34. Kc2 Nd7 35. b4 Ke5 36. Bc4 Nf8 37. Kd3 Ng6 38. Ke3 Ne7 39.
Be2 Ng6 40. Bd3 Ne7 41. Be2 Ng6 42. Bd3 Nf8 43. Be2 Nd7 44. Bd3 Nb8 45. Be2 Nc6
46. Bd3 a5 47. bxa5 Nxa5 48. Bb5 Nb3 49. Ba4 Nc5 50. Bc2 Nd7 51. Ba4 Nc5 52.
Bc2 b6 53. Kf3 Kd6 54. Ke3 e5 55. Bd1 Ne6 56. Be2 Kc5 57. Kd2 b5 58. Kc2 Nc7
59. Kd3 Na8 60. Kd2 Nb6 61. Kc2 Nc4 62. Kd3 b4 63. cxb4+ Kxb4 64. Kc2 Ne3+ 65.
Kd2 Ng2 66. Bf1 Nf4 67. Kc2 Ne6 68. Kd3 Nc5+ 69. Ke3 Kc3 70. Bb5 Ne6 71. Ba6
Nf4 72. Bf1 Kc2 73. Ba6 Nxh3 74. Bb5 Nf4 75. Ba4+ Kc3 76. Bd7 Ng6 77. Be8 Nf8
78. Bc6 Ne6 79. Bd7 Nc7 80. Bc6 Na6 81. Bb5 Nb4 82. Ba4 Nc2+ 83. Ke2 Na3 84.
Ke3 Nc4+ 85. Ke2 Kd4 86. Bc6 Nd6 87. Kf3 Kd3 88. Bd7 Nb7 89. Bb5+ Kd4 90. Bc6
Nc5 91. Bd5 Nd7 92. Bb7 Nf6 93. Bc6 Kc5 94. Ba4 Kd6 95. Bb3 Ke7 96. Ba4 Kf7 97.
Bc6 Kg6 98. Kg3 h5 99. gxh5+ Nxh5+ 100. Kf3 Nf6 101. Kg3 Kf7 102. Kf3 Ke7 103.
Bb5 Kd6 104. Ke3 Kc5 105. Bf1 Kb4 106. Ba6 Kc3 107. Bc8 Kc2 108. Be6 Kd1 109.
Bc8 Ke1 110. Ba6 g4 111. Bb5 g3 112. Kf3 Nxe4 113. Bc4 Nf2 114. Ba6 Nh1 115.
Bb7 Kf1 116. Kg4 e4 117. Bxe4 Nf2+ 118. Kxg3 Nxe4+ 1/2-1/2

[Event "31.Schlosspark-Open"]
[Site "Wiesbaden-Biebrich"]
[Date "2019.08.25"]
[Round "6.15"]
[White "Wachsmann, Dietmar"]
[Black "Ruppert, Wolfgang"]
[Result "0-1"]
[WhiteElo "2038"]
[BlackElo "2145"]
[PlyCount "96"]
[EventDate "2019.??.??"]
[WhiteTeam "SC Groß-Umstadt"]
[BlackTeam "SC Flörsheim"]

1. e4 c5 2. Nf3 Nc6 3. d4 cxd4 4. Nxd4 Nf6 5. Nc3 e5 6. Ndb5 d6 7. Bg5 a6 8.
Na3 b5 9. Nd5 Be7 10. Bxf6 Bxf6 11. c3 O-O 12. Nc2 Rb8 13. a4 bxa4 14. Rxa4 a5
15. b4 axb4 16. Ncxb4 Nxb4 17. cxb4 Bg5 18. h4 Bh6 19. Bc4 Kh8 20. g4 Bf4 21.
Ra7 Be6 22. b5 Rc8 23. Ra4 Rc5 24. Qe2 Bxd5 25. exd5 e4 26. Kf1 Re8 27. Kg2 f5
28. g5 Be5 29. Rb1 Qd7 30. Kh3 Bd4 31. Rb3 Rec8 32. Rba3 Kg8 33. Ra7 R5c7 34.
Rxc7 Qxc7 35. Ra4 Qd7 36. f4 Qc7 37. Kg2 Bb6 38. Ra6 Qc5 39. Rxb6 Qxb6 40. Qa2
Qc5 41. Be2 Qc2 42. Qxc2 Rxc2 43. Kf2 Rb2 44. Ke3 Kf8 45. Bf1 Ke7 46. h5 g6 47.
hxg6 hxg6 48. Bc4 Kd7 0-1

[Event "31.Schlosspark-Open"]
[Site "Wiesbaden-Biebrich"]
[Date "2019.08.25"]
[Round "6.16"]
[White "Geltz, Noah"]
[Black "Guelsen, Taylan"]
[Result "1/2-1/2"]
[WhiteElo "2033"]
[BlackElo "2144"]
[PlyCount "100"]
[EventDate "2019.??.??"]
[WhiteTeam "SF HN-Biberach"]
[BlackTeam "SG Niederkassel"]

1. Nf3 d5 2. e3 c5 3. b3 Nc6 4. Bb2 Nf6 5. Bb5 Bd7 6. O-O a6 7. Bxc6 Bxc6 8.
Ne5 Rc8 9. d3 g6 10. Nd2 Bg7 11. f4 O-O 12. Nxc6 Rxc6 13. Nf3 Rc8 14. Qe2 b5
15. Ne5 Nd7 16. Nxd7 Bxb2 17. Nxf8 Bxa1 18. Nxg6 hxg6 19. Rxa1 c4 20. Rf1 e6
21. h3 Qa5 22. a4 cxb3 23. cxb3 bxa4 24. bxa4 Qxa4 25. Rf2 Qa1+ 26. Kh2 Rc1 27.
e4 dxe4 28. dxe4 Rh1+ 29. Kg3 Re1 30. Qd3 Rd1 31. Rd2 Rxd2 32. Qxd2 Qa3+ 33.
Kh2 a5 34. Qd8+ Kg7 35. f5 exf5 36. exf5 Qc3 37. fxg6 Qe5+ 38. Kh1 fxg6 39.
Qd7+ Kh6 40. Qd2+ Qg5 41. Qc3 Qf5 42. Qh8+ Kg5 43. Qd8+ Kf4 44. Qd4+ Qe4 45.
Qd2+ Kg3 46. Qg5+ Kf2 47. Qd2+ Kf1 48. Qd1+ Kf2 49. Qd2+ Kf1 50. Qd1+ Kf2
1/2-1/2

[Event "31.Schlosspark-Open"]
[Site "Wiesbaden-Biebrich"]
[Date "2019.08.25"]
[Round "6.18"]
[White "Rolf, Marco"]
[Black "Chandler, Patrick"]
[Result "0-1"]
[WhiteElo "2133"]
[BlackElo "2087"]
[PlyCount "78"]
[EventDate "2019.??.??"]
[WhiteTeam "SK Gernsheim"]
[BlackTeam "SC Nied"]

1. d4 Nf6 2. c4 e6 3. Nf3 b6 4. g3 Bb7 5. Bg2 Bb4+ 6. Nbd2 c5 7. a3 Bxd2+ 8.
Bxd2 cxd4 9. O-O O-O 10. Bf4 Re8 11. Qxd4 Nc6 12. Qc3 d5 13. Rfd1 Qe7 14. Rac1
Rac8 15. b4 e5 16. Bg5 d4 17. Qb3 h6 18. Bxf6 Qxf6 19. Nd2 Nd8 20. Bxb7 Nxb7
21. Ne4 Qg6 22. Qf3 Rc7 23. g4 Rec8 24. Ng3 Nd6 25. Qd5 Nxc4 26. h3 Qc6 27.
Qxc6 Rxc6 28. f4 Ne3 29. Rxc6 Rxc6 30. Nf5 Nxf5 31. gxf5 f6 32. Kg2 Rc3 33.
fxe5 fxe5 34. Rd3 Rc2 35. Kf3 Kf7 36. e3 Rc3 37. Ke4 Rxd3 38. Kxd3 dxe3 39.
Kxe3 b5 0-1

[Event "31.Schlosspark-Open"]
[Site "Wiesbaden-Biebrich"]
[Date "2019.08.25"]
[Round "6.19"]
[White "Bauer, Claus"]
[Black "Iliev, Mustafa Batuhan"]
[Result "1/2-1/2"]
[WhiteElo "2123"]
[BlackElo "2028"]
[PlyCount "81"]
[EventDate "2019.??.??"]
[WhiteTeam "SF Mainz"]
[BlackTeam "SV Großauheim"]

1. d4 f5 2. Nc3 Nf6 3. Bg5 d5 4. Bxf6 exf6 5. e3 Be6 6. Qf3 Qd7 7. Bb5 Nc6 8.
h4 a6 9. Ba4 O-O-O 10. Nge2 g5 11. O-O-O h6 12. Kb1 Bg7 13. g3 Rhe8 14. Qg2 Kb8
15. Qf1 b5 16. Bb3 Ne7 17. Nc1 f4 18. Nd3 fxe3 19. a4 e2 20. Nxe2 Bf8 21. hxg5
hxg5 22. Nc5 Qc8 23. Nc3 c6 24. axb5 axb5 25. Nxb5 Nf5 26. Rh7 Bxc5 27. dxc5
Bg8 28. Na7 Bxh7 29. Nxc8 Rxc8 30. Bxd5 cxd5 31. Qb5+ Kc7 32. Qb6+ Kd7 33. g4
Ke7 34. gxf5 Bxf5 35. Qd6+ Kf7 36. Qxd5+ Kg6 37. f4 Re2 38. fxg5 Rxc2 39. Qxf5+
Kxf5 40. Kxc2 Rxc5+ 41. Kb3 1/2-1/2

[Event "31.Schlosspark-Open"]
[Site "Wiesbaden-Biebrich"]
[Date "2019.08.25"]
[Round "6.20"]
[White "Bakiev, Diyor"]
[Black "Boidman, Yuri"]
[Result "1-0"]
[WhiteElo "2014"]
[BlackElo "2374"]
[PlyCount "87"]
[EventDate "2019.??.??"]
[WhiteTeam "Wiesbadener SV"]
[BlackTeam "SC Heimbach-Weis"]

1. e4 c5 2. c3 d5 3. exd5 Qxd5 4. d4 e6 5. Nf3 Nf6 6. Bd3 Be7 7. O-O O-O 8. Be3
cxd4 9. cxd4 Nc6 10. Nc3 Qd6 11. Rc1 a6 12. a3 Rd8 13. Bb1 Bd7 14. Qd2 Rac8 15.
Bf4 e5 16. dxe5 Qxd2 17. Bxd2 Ng4 18. Bf4 Be6 19. Ne4 f6 20. Nd6 Rc7 21. Bf5
Bxf5 22. Nxf5 Bf8 23. e6 Rcc8 24. Rxc6 Rxc6 25. e7 Re8 26. Bd6 Bxe7 27. Nxe7+
Rxe7 28. Bxe7 Rc2 29. h3 Nh6 30. b4 b5 31. Ra1 Nf5 32. Bc5 a5 33. Nd4 Rxc5 34.
bxc5 Nxd4 35. Rd1 Ne6 36. c6 Kf8 37. Rd6 Ke7 38. Rd7+ Ke8 39. Ra7 b4 40. a4 b3
41. Rxa5 Nd4 42. Ra8+ Ke7 43. c7 b2 44. Rb8 1-0

[Event "31.Schlosspark-Open"]
[Site "Wiesbaden-Biebrich"]
[Date "2019.08.25"]
[Round "6.21"]
[White "Fischer, Daniel"]
[Black "Jahnel, Guenther"]
[Result "0-1"]
[WhiteElo "2003"]
[BlackElo "2188"]
[PlyCount "70"]
[EventDate "2019.??.??"]
[WhiteTeam "SVG Offenburg"]
[BlackTeam "FVS ASP Hoyerswerda"]

1. Nf3 Nf6 2. c4 g6 3. Nc3 Bg7 4. g3 O-O 5. Bg2 d6 6. O-O e5 7. d3 Nc6 8. Rb1
h6 9. b4 Be6 10. b5 Ne7 11. a4 Qd7 12. Ba3 Ne8 13. c5 dxc5 14. Bxc5 Nd6 15. Nd2
Bh3 16. Qb3 Bxg2 17. Kxg2 Kh7 18. Nd5 Nef5 19. e4 Nd4 20. Bxd4 exd4 21. Nc4 c6
22. Nxd6 Qxd6 23. Qb4 Qe5 24. Nf4 g5 25. Nh5 c5 26. Qc4 f5 27. exf5 Qxf5 28.
Nxg7 Kxg7 29. Rbe1 Rae8 30. Rxe8 Rxe8 31. h3 b6 32. f4 Re2+ 33. Rf2 Rxf2+ 34.
Kxf2 gxf4 35. g4 Qe5 0-1

[Event "31.Schlosspark-Open"]
[Site "Wiesbaden-Biebrich"]
[Date "2019.08.25"]
[Round "6.22"]
[White "Rutsatz, Mario"]
[Black "Henrich, Thomas"]
[Result "0-1"]
[WhiteElo "1977"]
[BlackElo "2150"]
[PlyCount "38"]
[EventDate "2019.??.??"]
[WhiteTeam "SF Frankfurt"]
[BlackTeam "SK Marburg"]

1. c4 g6 2. Nc3 Nf6 3. g3 d5 4. cxd5 Nxd5 5. Bg2 Nb6 6. Nf3 Nc6 7. O-O Bg7 8.
d3 O-O 9. Be3 e5 10. Rc1 Nd4 11. Re1 c6 12. Ne4 h6 13. Nc5 Nd5 14. Bd2 b6 15.
Ne4 Bb7 16. e3 Ne6 17. Nc3 Nb4 18. Qe2 Nxd3 19. Rcd1 Nxe1 0-1

[Event "31.Schlosspark-Open"]
[Site "Wiesbaden-Biebrich"]
[Date "2019.08.25"]
[Round "6.23"]
[White "Neurohr, Juergen"]
[Black "Schmitz, Andreas Arnold"]
[Result "1-0"]
[WhiteElo "2127"]
[BlackElo "1991"]
[PlyCount "67"]
[EventDate "2019.??.??"]
[WhiteTeam "SF Mainz"]
[BlackTeam "SV Freibauer Eikamp"]

1. d4 d5 2. c4 dxc4 3. e3 e5 4. Bxc4 exd4 5. exd4 Nf6 6. Nf3 Be7 7. Nc3 O-O 8.
O-O Nbd7 9. Re1 Nb6 10. Bb3 c6 11. Bg5 Bg4 12. h3 Bh5 13. g4 Bg6 14. Ne5 Re8
15. f4 Nfd5 16. Bxe7 Rxe7 17. f5 f6 18. fxg6 fxe5 19. gxh7+ Kxh7 20. Qd3+ g6
21. dxe5 Nxc3 22. Qxc3 Nd5 23. Qg3 Qb6+ 24. Kh1 Rae8 25. Re2 Qd4 26. Rae1 g5
27. Rd1 Qf4 28. Qd3+ Kh8 29. Bxd5 cxd5 30. Qxd5 Rc8 31. e6 Kg8 32. Qf5 Qg3 33.
Qxg5+ Rg7 34. Qe3 1-0

[Event "31.Schlosspark-Open"]
[Site "Wiesbaden-Biebrich"]
[Date "2019.08.25"]
[Round "6.24"]
[White "Schmitz, Manuela"]
[Black "Kuhn, Andreas"]
[Result "1/2-1/2"]
[WhiteElo "1940"]
[BlackElo "2119"]
[PlyCount "38"]
[EventDate "2019.??.??"]
[WhiteTeam "SV Freibauer Eikamp"]
[BlackTeam "Sfr. Erbach"]

1. d4 Nf6 2. Nf3 e6 3. c4 b6 4. e3 Bb7 5. Bd3 Be7 6. O-O O-O 7. Nc3 d5 8. b3 c5
9. Bb2 Nc6 10. cxd5 exd5 11. Rc1 cxd4 12. Nxd4 Nxd4 13. exd4 a6 14. Qf3 Bc8 15.
h3 Be6 16. Ne2 Qd7 17. Ng3 g6 18. Rc2 b5 19. Rfc1 Rfc8 1/2-1/2

[Event "31.Schlosspark-Open"]
[Site "Wiesbaden-Biebrich"]
[Date "2019.08.25"]
[Round "6.25"]
[White "Seewi, Joram"]
[Black "Pauls, Wilhelm"]
[Result "0-1"]
[WhiteElo "2098"]
[BlackElo "1995"]
[PlyCount "68"]
[EventDate "2019.??.??"]
[WhiteTeam "SG Kalker/Deutzer"]
[BlackTeam "SG Kaarst"]

1. Nc3 d5 2. e4 e6 3. f4 Bb4 4. Qe2 Nf6 5. e5 Nfd7 6. Nf3 c5 7. Nb5 O-O 8. a3
Ba5 9. Nd6 Nc6 10. g3 f6 11. Bh3 Qe7 12. Nxc8 Raxc8 13. exf6 Rxf6 14. O-O Rcf8
15. Re1 e5 16. Bxd7 Qxd7 17. Nxe5 Nxe5 18. fxe5 Rf3 19. e6 Qe7 20. Kg2 R3f5 21.
c3 c4 22. d4 cxd3 23. Qxd3 Rf2+ 24. Kh1 d4 25. b4 b5 26. cxd4 Bb6 27. d5 R8f3
28. Be3 Qd6 29. Qe4 Rxh2+ 30. Kxh2 Qxg3+ 31. Kh1 Qh3+ 32. Kg1 Rg3+ 33. Kf2 Qh2+
34. Kf1 Bxe3 0-1

[Event "31.Schlosspark-Open"]
[Site "Wiesbaden-Biebrich"]
[Date "2019.08.25"]
[Round "6.26"]
[White "Dietze, Frank"]
[Black "Kropp, Volker"]
[Result "1-0"]
[WhiteElo "2096"]
[BlackElo "1993"]
[PlyCount "101"]
[EventDate "2019.??.??"]
[WhiteTeam "vereinslos"]
[BlackTeam "Vorw.Orient Mainz"]

1. d4 Nf6 2. Bg5 c5 3. Bxf6 gxf6 4. c3 Qb6 5. Qd2 e6 6. Nf3 d5 7. e3 Nc6 8. Be2
cxd4 9. exd4 Bd7 10. O-O h5 11. Na3 Bh6 12. Qc2 Rc8 13. Rad1 Qc7 14. Ne1 Ke7
15. Nb5 Qf4 16. Nd3 Qb8 17. Qb3 Rcg8 18. Qa3+ Kd8 19. Qd6 Qc8 20. Nc5 Bf8 21.
Qf4 a6 22. Nd6 Bxd6 23. Qxd6 Qc7 24. Qxc7+ Kxc7 25. f4 f5 26. Rd3 h4 27. Re3
Ne7 28. b3 Bb5 29. c4 dxc4 30. bxc4 Bc6 31. d5 exd5 32. Rxe7+ Kd6 33. Re5 Kxc5
34. cxd5 Bb5 35. Rc1+ Kd6 36. Bxb5 axb5 37. Rxf5 h3 38. g3 Ra8 39. Rc2 Rhc8 40.
Rd2 Rc1+ 41. Kf2 Rh1 42. Kf3 Ra1 43. Rf6+ Ke7 44. Rb6 R8xa2 45. d6+ Kd8 46. Rd5
Rxh2 47. Rxb7 Rc2 48. Rh5 Ra3+ 49. Kg4 Kc8 50. Rxf7 Kb8 51. Rxb5+ 1-0